Catálogo
 En Linea

Los "Ejemplares tipo" de las colecciones malacológicas del Museo Nacional de Ciencias Naturales / (Registro nro. 41181)

Detalles MARC
000 -CABECERA
campo de control de longitud fija 00993nam a2200205 a 4500
001 - NÚMERO DE CONTROL
campo de control 000041691
005 - FECHA Y HORA DE LA ÚLTIMA TRANSACCIÓN
campo de control 20201002035714.0
008 - DATOS DE LONGITUD FIJA--INFORMACIÓN GENERAL
campo de control de longitud fija 130502s1997 sp 000 0 spa d
040 ## - FUENTE DE LA CATALOGACIÓN
Centro catalogador/agencia de origen DO-SdBNP
Lengua de catalogación spa
Centro/agencia transcriptor BNPHU
245 03 - MENCIÓN DE TÍTULO
Título Los "Ejemplares tipo" de las colecciones malacológicas del Museo Nacional de Ciencias Naturales /
Mención de responsabilidad, etc. Miguel Villena ... [et al.] ; editores Jorge Morales Romero, Ángel Guerra Sierra.
260 ## - PUBLICACIÓN, DISTRIBUCIÓN, ETC.
Lugar de publicación, distribución, etc. Madrid :
Nombre del editor, distribuidor, etc. Museo Nacional de Ciencias Naturales
-- Consejo Superior de Investigaciones Científicas,
Fecha de publicación, distribución, etc. 1997.
300 ## - DESCRIPCIÓN FÍSICA
Extensión 170 p. :
Otras características físicas il. ;
Dimensiones 24cm.
490 1# - MENCIÓN DE SERIE
Mención de serie Monografías del Museo Nacional de Ciencias Naturales ;
Designación de volumen o secuencia 13
500 ## - NOTA GENERAL
Nota general Incluye referencias bibliográficas y notas al pie de las páginas
700 1# - PUNTO DE ACCESO ADICIONAL--NOMBRE DE PERSONA
Nombre de persona Villena, Miguel
9 (RLIN) 68503
700 1# - PUNTO DE ACCESO ADICIONAL--NOMBRE DE PERSONA
Nombre de persona Morales Romero,Jorge
9 (RLIN) 68504
700 1# - PUNTO DE ACCESO ADICIONAL--NOMBRE DE PERSONA
Nombre de persona Guerra Sierra, Ángel
9 (RLIN) 68505
710 2# - PUNTO DE ACCESO ADICIONAL--NOMBRE DE ENTIDAD CORPORATIVA
Nombre de entidad corporativa o nombre de jurisdicción como elemento de entrada Museo Nacional de Ciencias Naturales (España)
9 (RLIN) 15409
830 #0 - PUNTO DE ACCESO ADICIONAL DE SERIE-TÍTULO UNIFORME
Título uniforme Monografías del Museo Nacional de Ciencias Naturales
Designación de volumen o secuencia 13
9 (RLIN) 68506
Existencias
Estado de retiro Estado de pérdida Restricciones de uso No para préstamo Código de colección Localización permanente Ubicación/localización actual Ubicación en estantería Fecha de adquisición Número de inventario Total de préstamos Signatura topográfica completa Código de barras Fecha visto por última vez Precio válido a partir de Tipo de ítem Koha Número de copia
        Monografías: Libros y Folletos General General Orden iniciada 15.10.2013 LF1   41691-10 25.06.2020 25.06.2020 No se presta  
      Excluido de préstamo Monografías: Libros y Folletos General General En catalogación 15.10.2013 LF1   41691-20 25.06.2020 25.06.2020 No se presta e. 2

Con tecnología Koha